Normal view
MARC view
- Gulzari, Adeela
Entry Personal Name
001 - CONTROL NUMBER
- control field: 19163
003 - CONTROL NUMBER IDENTIFIER
- control field: NUST
005 - DATE AND TIME OF LATEST TRANSACTION
- control field: 20190807060443.0
008 - FIXED-LENGTH DATA ELEMENTS
- fixed length control field: 190807|| aca||aabn | a|a d
040 ## - CATALOGING SOURCE
- Original cataloging agency: NUST
- Transcribing agency: NUST
100 ## - HEADING--PERSONAL NAME
- Personal name: Gulzari, Adeela
670 ## - SOURCE DATA FOUND
- Source citation: Work cat.: (NUST): Gulzari, Adeela, A QUALITATIVE EXPLORATION OF THE EFFECTIVENESS OF HUMANITARIAN RELIEF SUPPLY CHAIN IN PAKISTRAN'S CONTEXT /, 2016.
